| 000 | 02955ctm a22004334a 4500 | ||
|---|---|---|---|
| 001 | muse59919 | ||
| 003 | MdBmJHUP | ||
| 005 | 20210127151225.0 | ||
| 006 | m o d | ||
| 007 | cr||||||||nn|n | ||
| 008 | 171101s2017 scu o 00 0 eng d | ||
| 010 | _z 2017045516 | ||
| 020 | _a9781941269121 | ||
| 020 | _z9781941269107 (pbk. : alk. paper) | ||
| 035 | _a(OCoLC)1065119328 | ||
| 040 |
_aMdBmJHUP _cMdBmJHUP |
||
| 043 | _an-us--- | ||
| 050 | 0 | 4 | _aZ672.5+ |
| 245 | 1 | 0 |
_aRoll with the Times, or the Times Roll Over You _bCharleston Conference Proceedings, 2016 / _cedited by Beth R. Bernhardt, Leah H. Hinds, and Katina P. Strauch. |
| 264 | 1 | _bAgainst the Grain Press, LLC., | |
| 264 | 3 | _bProject MUSE, | |
| 300 | _a1 online resource (pages cm) | ||
| 504 | _aIncludes bibliographical references and index. | ||
| 506 | 0 |
_aOpen Access _fUnrestricted online access _2star |
|
| 520 |
_a"Over one hundred presentations from the 36th annual Charleston Library Conference (held November 1-5, 2016) are included in this annual proceedings volume. Major themes of the meeting included data visualization, streaming video, analysis and assessment, demand-driven acquisition, and open access publishing. While the Charleston meeting remains a core one for acquisitions librarians in dialog with publishers and vendors, the breadth of coverage of this volume reflects the fact that this conference is now one of the major venues for leaders in the publishing and library communities to shape strategy and prepare for the future. Almost 2,000 delegates attended the 2016 meeting, ranging from the staff of small public library systems to the CEOs of major corporations. This fully indexed, copyedited volume provides a rich source for the latest evidence-based research and lessons from practice in a range of information science fields. Contributors comprise leaders in the library, publishing, and vendor communities"-- _cProvided by publisher. |
||
| 588 | _aDescription based on print version record. | ||
| 695 |
_afuture. Almost 2,000 delegates attended the 2016 meeting, ranging from the staff of small public library systems to the CEOs of major corporations. This fully indexed, copyedited volume provides a rich source for the latest evidence-based research and lessons from practice in a range of information science fields. Contributors comprise leaders in the library, publishing, and vendor communities"-- _cProvided by publisher. |
||
| 655 | 7 |
_aElectronic books. _2local |
|
| 765 | _at, | ||
| 770 | _ap | ||
| 710 | 2 |
_aProject Muse. _edistributor |
|
| 830 | 0 | _aBook collections on Project MUSE. | |
| 856 | 4 | 0 |
_zFull text available: _uhttps://muse.jhu.edu/book/62521/ |
| 945 | _aProject MUSE - 2018 Complete | ||
| 999 |
_c25074 _d25074 |
||